000 00341nam a2200133 i 4500
001 bg
100 1 _aKRÓLAK, Marian
245 0 _aZbiór zadań ze statyki i stateczności ustrojów nośnych /
_cMarian Królak.
260 _aŁódź,
_c1978.
040 _cBPK
041 _apol
942 _cKS
008 s pl f |000 0 pol
999 _c17922
_d17922
856 _uhttp://koha.tu.koszalin.pl/cgi-bin/koha/opac-detail.pl?biblionumber=17922
_yKatalog online BPK